LEADER 00692nam a2200205 4500 001 000000352483 003 CaOOAMICUS 005 20221214095322.0 008 221214s1972 it 000 u ita r 040 $aSeMil$bita 245 00$aVol. 1. 300 $a395 p. ;$c19 cm 490 1 $aUniversale ;$v17 773 0 $aLukács, György <1885-1971>$tArte e societŕ.$dRoma : Editori Riuniti, 1972.$g1$w()352482 830 0$aUniversale ;$v17.$0(OLS)http://semarc/title/7927 850 $aSeMil 852 $aSeMil$W1$xVenegono$y1$m1R I 20$j239267$B243667$CSeMilBibl$Z2$F243667 $81 961 $aLascito don Enzo Bellini 996 $6245$aVol. 1$9(OLS)http://semarc/title/13429 LEADER 00410nab a2200133 i 4500 001 000000323612 003 CaOOAMICUS 005 20180831173427.0 008 180831n it uu u0 0ita r 013 $a33968 040 $aSeMil$bita 245 10$aDi nuovo. - In [rubrica] :$bEditoriale. 773 0 $t[GENNAIO 2001]. - 32 p.$gp.1$w()282931 996 $6245$aDi nuovo. - In [rubrica] :$bEditoriale.$9(OLS)http://semarc/title/397001